000 01719nam a2200349 a 4500
001 BRCA_2998
005 20190320204049.0
008 190109s1625----fr-#---###---#000-0#fre-u
041 _afre
044 _afr
084 _a317
_b.M478
_c1625
100 1 _aCervantes Saavedra, Miguel de
_d1547-1616
_9213
245 1 0 _aL´Histoire de l´Ingenievx et Redoutable Chevallier, Dom-Quichot de la Manche
_ccompuest en espagnol par Miguel de Cervantes Saavedra.
250 _a3
260 _aParis
_bJean Mestais
_c1625
300 _a882 p.
_c17 cm.
500 _aContiene : Segunda parte. Dedicatoria a Mme. de Chevrevse
500 _aEdición : Et traduitte fidellement an nostre Langue par F. de Rosset
500 _aTercera edición de la segunda parte, traducida por Rosset. Esta edición de la segunda parte, impresa por Jean Mestais, en 1625, unida a la cuarta edición de la primera (del número anterior), publicada por el mismo impresor en el mismo año, constituyen, la primera edición en francés de ambas partes, reunidas bajo una misma fecha, lugar e impresor. Piel; lomera decorada con florones y filetes dorados Lúdovik Osterc
500 _aEstado físico : anotaciones manuscritas en la cubierta
500 _aExistencias : complementa al LO-316
500 _aQM240
546 _aTexto en : francés
650 1 4 _aNovela española
_yÉpoca clásica, 1500-1700
_9215
650 1 4 _aLiteratura española
_yÉpoca clásica, 1500-1700
_9216
650 1 4 _aNovela española
_ySiglo XVII
_9217
650 1 4 _aDon Quijote (Personaje ficticio)
_eNovela
_9218
700 1 _aRosset, Francois
_eTraductor
_98287
740 0 _aEl Ingenioso Hidalgo Don Quijote de la Mancha
902 _aQFM
942 _2lcc
_cB
999 _c2736
_d2736